000 00544nam a2200169 i 4500
001 151032
003 ES-MaACL
005 20230906203816.0
007 t|
008 071130q19001950sp ||||1| spa d
100 1 _aApraiz y Arias, Félix.
_922125
245 1 0 _aNuevas fórmulas para el cálculo de las líneas eléctricas /
_cpor Félix Apráiz Arias.
260 _aMadrid :
_b[s.n.,
_c19--?]
300 _a8 p. ;
_c24 cm.
500 _aPublicado en la revista: "Las Ciencias", de Madrid, año VII, nº 4.
852 _aES-MaACL
_j1841-F-15
999 _c151032
_d151032